| 000 | 00700nam a22002057a 4500 | ||
|---|---|---|---|
| 003 | OSt | ||
| 005 | 20250819035009.0 | ||
| 008 | 250819b |||||||| |||| 00| 0 eng d | ||
| 020 | _a1-58255-064-6 | ||
| 040 | _cOC | ||
| 082 | _aCirc. 615.1 N938 2001 | ||
| 245 | _aNursing IV drug handbook | ||
| 260 |
_aPennsylvania : Sprinhouse Corp., c2001. _bSprinhouse Corp., _c c2001. |
||
| 300 |
_aviii, 786 pages ; _c18 cm. |
||
| 504 | _aIncludes index. | ||
| 650 | _2Drugs--Handbooks, manuals, etc. | ||
| 650 | _2Nursing--Handbooks, manuals, etc. | ||
| 650 | _2Drugs--Nurse's instructions. | ||
| 942 |
_2ddc _cBK-CIRC _e 7th edition. _hCirc. 615.1 N938 2001 _kCirc. _n0 |
||
| 999 |
_c4055 _d4055 |
||